000 01235cam a22002531 4500
001 gs 26000215
003 DLC
005 20260227111330.0
008 070318s1924 dcu f000 0 eng c
010 _ags 26000215
_z 2007618136
040 _aU. S. Geol. Survey. Library
_cDLC
_dDLC
043 _an-usp--
050 0 0 _aKF27
_b.I7 1923
110 1 _aUnited States.
_bCongress.
_bHouse.
_bCommittee on Irrigation and Reclamation.
245 1 0 _aProtection and development of lower Colorado River basin.
_bInformation presented to the Committee on Irrigation and Reclamation, House of Representatives, Sixty-eighth Congress, first session, in connection with H. R. 2903 by Mr. Swing. A bill to provide for the protection and development of the lower Colorado River basin. Hearings before the Federal Power Commission ...
260 _aWashington,
_bGovt. Print. Off.,
_c1924.
300 _avi, 212 p.
_bincl. tables.
_c23 cm.
500 _aAddison T. Smith, chairman.
651 0 _aColorado River Watershed (Colo.-Mexico)
651 0 _aColorado River (Colo.-Mexico)
650 0 _aHydroelectric power plants
_zColorado River (Colo.-Mexico).
650 0 _aWater-supply
_zArizona.
710 1 _aUnited States.
_bFederal Power Commission.
999 _c26468
_d26468